|
|
|
|
| LEADER |
00000nam2a2200000 4500 |
| 001 |
243873 |
| 005 |
20231101232014.0 |
| 010 |
|
|
|a 9785922108577
|b 2000 экз.
|
| 035 |
|
|
|a (RuTPU)RU\TPU\book\265227
|
| 035 |
|
|
|a RU\TPU\book\168053
|
| 090 |
|
|
|a 243873
|
| 100 |
|
|
|a 20131008d2010 m y0rusy5002 ca
|
| 101 |
0 |
|
|a rus
|
| 102 |
|
|
|a RU
|
| 105 |
|
|
|a a j 000zy
|
| 200 |
0 |
|
|a Т. 1: Линейные системы
|
| 210 |
|
|
|d 2010
|
| 215 |
|
|
|a 310 с.
|c ил.
|
| 320 |
|
|
|a Библиогр.: с. 303-304.
|
| 320 |
|
|
|a Предметный указатель: с. 305-310.
|
| 330 |
|
|
|a Первый том учебника посвящен теории автоматического управления линейных стационарных систем. В нем даются основные понятия и принципы управления, математическое описание и методы анализа и синтеза непрерывных и дискретных систем управления. Рекомендовано учебно-методическим объединением вузов Российской Федерации по образованию в области радиотехники, электроники, биомедицинской техники и автоматизации в качестве учебника для студентов высших учебных заведений, обучающихся по направлению 220200 «Автоматизация и управление».
|
| 451 |
|
1 |
|0 (RuTPU)RU\TPU\book\68549
|y 5-9221-0379-2
|t Т. 1. Линейные системы
|d 2003
|p 287 с.
|
| 461 |
|
0 |
|0 (RuTPU)RU\TPU\book\259386
|t Теория автоматического управления
|o учебник для вузов
|o в 2 т.
|f Д. П. Ким
|v Т. 1: Линейные системы
|e 2-е изд., испр. и доп.
|d 2010
|
| 606 |
1 |
|
|a Автоматическое управление
|x Теория
|2 stltpush
|3 (RuTPU)RU\TPU\subj\950
|9 29755
|
| 606 |
1 |
|
|a Автоматические системы регулирования
|x Линейные
|2 stltpush
|3 (RuTPU)RU\TPU\subj\797
|
| 610 |
1 |
|
|a ТАУ
|
| 610 |
1 |
|
|a автоматическое управление
|
| 610 |
1 |
|
|a непрерывные системы
|
| 610 |
1 |
|
|a математическое описание
|
| 610 |
1 |
|
|a устойчивость
|
| 610 |
1 |
|
|a качество
|
| 610 |
1 |
|
|a синтез
|
| 610 |
1 |
|
|a дискретные системы
|
| 610 |
1 |
|
|a оценка
|
| 610 |
1 |
|
|a учебники
|
| 675 |
|
|
|a 681.51.01(075.8)
|v 3
|z rus
|
| 675 |
|
|
|a 681.511.2(075.8)
|v 3
|
| 801 |
|
1 |
|a RU
|b 63413507
|c 20090306
|g PSBO
|
| 801 |
|
2 |
|a RU
|b 63413507
|c 20200723
|g PSBO
|
| 900 |
|
|
|a Теория автоматического управления
|
| 900 |
|
|
|a Системы автоматического управления
|
| 900 |
|
|
|a Основы автоматического управления
|
| 942 |
|
|
|c BK
|
| 951 |
|
|
|b 220200
|
| 959 |
|
|
|a 68/20130409
|d 10
|e 286,00
|f УФ:10
|
| 959 |
|
|
|a 82/20150605
|d 15
|e 409,20
|f УФ:15
|